Red Dust (Registo nº 1769)

Detalhes MARC
000 -Etiqueta do registo
Cabeçalho 00806nam a22002891 4500
005 - Identificador da versão
Campo de controlo 20240813121915.0
095 ## -
-- PTBN00087980
021 ## - Número do Depósito Legal
Código do país PT
100 ## - Dados gerais de processamento
Dados gerais de processamento 20070507d1978 am y0pory5003 ba
102 ## - Pais de publicação ou produção
País de publicação Portugal
101 1# - Língua de publicação
Língua do texto, banda sonora, etc. Português
Língua do documento no original Inglês
105 ## - Campo de dados codificados: livros
Dados codificados dos livros a t 000zy
215 ## - Descrição física 
Indicação específica da natureza do documento e extensão da espécie 48 p.
Outras indicações físicas todo il.
Dimensões 29 cm
200 1# - Titulo e menção de responsabilidade
Título próprio Red Dust
Primeira menção de responsabilidade Hermann, Greg
Outras menções de responsabilidade trad. Maria Teresa Galväo
225 2# - Colecção 
Título próprio da colecção Comanche
210 ## - Publicação, Distribuição, etc. 
Lugar da edição, distribuição, etc. Amadora
Nome do editor, distribuidor, etc. Bertrand
Data da publicação, distribuição, etc. imp. 1978
606 ## - Nome comum usado como assunto
Número de registo de entrada de autoridade 0000255
Palavra de ordem Literatura estrangeira juvenil
Subdivisão de assunto Banda desenhada
675 ## - Classificação Decimal Universal (CDU)
Notação 82-9
Edição
Língua da edição por
702 #1 - Nome de autor-pessoa física (responsabilidade secundária)
Número de registo de entrada de autoridade 0000271
Palavra de ordem Galvão
Outra parte do nome não tomada para palavra de ordem Maria Teresa
Código de função Tradutor
701 #0 - Nome de autor-pessoa física (co-responsabilidade principal)
Palavra de ordem Greg
Elementos de identificação ou distinção pseud.
Código de função Autor / Co-autor
700 #0 - Nome de autor-pessoa física (responsabilidade principal)
Número de registo de entrada de autoridade 0000269
Palavra de ordem Hermann
Datas 1938-
942 ## - Elementos de entrada adicionados (Koha)
Tipo de item no Koha Livro
Exemplares
Situação do levantamento Origin of item (home branch) (coded) Biblioteca de empréstimo Código de barras Cota Circulation type (not for loan) Tipo de documento Nota do exemplar Damaged status
  Biblioteca Escolar da Coca Maravilhas Biblioteca Escolar da Coca Maravilhas BECM1716/93 8BD COM   Livro Sem mensagem